000 00274nam a22001217a 4500
008 170127b xxu||||| |||| 00| 0 eng d
041 _aeng
080 _23RD
_a61
100 _a3
101 _aSHM
245 _aMELLONI'S ILLUSTRATED MEDICAL DICTIONARY
_cDOX
942 _2udc
_cBK
999 _c3884
_d3884